| 000 | 00469nam a2200193Ia 4500 | ||
|---|---|---|---|
| 003 | LK-CoDNM | ||
| 005 | 20241206124326.0 | ||
| 008 | 010623t1983 xxu||||| |||| 00| 1 eng d | ||
| 040 |
_aLK-CoDNM _dLK-CoDNM _eLK-CoDNM |
||
| 041 | _aeng | ||
| 080 |
_a294.32 _b[60] |
||
| 100 | _aMahasi Sayadaw | ||
| 245 | _aThoughts on the Dhamma | ||
| 260 |
_bBuddhist Publication Society _c1983 |
||
| 300 | _b81p. ; 18 cm | ||
| 650 | _a1983 | ||
| 650 | _aBuddhism | ||
| 942 | _cBK | ||
| 999 |
_c112208 _d112208 |
||